00729nam a22002297a 4500003000500000005001700005008004100022010001000063011001000073035001000083040000900093082002300102100001700125245009100142250001000233260005300243300002000296490005500316650003100371650004200402830005500444CHAP20220817041407.0971013s1980 r 00010 d a13160 a14132 a18205 cCHAP a333.09724bB3 198000aBazant, Jan. aCinco haciendas mexicanas ; tres siglos de vida rural en San Luis Potosí (1600-1910) a2 ed. aMéxico, D. F. :bEl Colegio de México,c1980 a229 p.b: ilus. aCentro de Estudios Históricos. Nueva seriev; 2014aReforma agrariaxHistoria.14aTierrasxTenenciaxSan Luis Potosí.0 aCentro de Estudios Históricos. Nueva seriev; 20